Dutse journal of criminology and security studies (DUJCSS) (Record no. 38160)
[ view plain ]
| 000 -LEADER | |
|---|---|
| fixed length control field | 00475nam a2200169Ia 4500 |
| 022 ## - INTERNATIONAL STANDARD SERIAL NUMBER | |
| ISSN | 26367068 |
| 050 ## - CALL MARK | |
| Classification number | HV 6189 .D88/ |
| 245 #0 - TITLE STATEMENT | |
| Title | Dutse journal of criminology and security studies (DUJCSS) |
| 260 ## - PUBLICATION, DISTRIBUTION, ETC. (IMPRINT) | |
| Place of publication | Jigawa state, Nigeria |
| 260 ## - PUBLICATION, DISTRIBUTION, ETC. (IMPRINT) | |
| Name of publisher | Yehison Nigeria Ltd. |
| 260 ## - PUBLICATION, DISTRIBUTION, ETC. (IMPRINT) | |
| Year of publication | 2018 |
| 300 ## - PHYSICAL DESCRIPTION | |
| Number of Pages | ii, 259 p. ; 24 cm. |
| 650 ## - SUBJECT ADDED ENTRY--TOPICAL TERM | |
| Topical Term | War and crime. Criminology. War crimes. |
| 942 ## - ADDED ENTRY ELEMENTS (KOHA) | |
| Koha item type | Serials |
No items available.